| 000 | 00576nam a22001937a 4500 | ||
|---|---|---|---|
| 005 | 20250514111943.0 | ||
| 010 | _aENG-144878 | ||
| 020 |
_c750.00 _a9789381169087 |
||
| 035 | _aEN-128410 | ||
| 037 | _bDBAD | ||
| 082 | _a025.527 | ||
| 100 |
_aNawathe, Manisha Sutar _981163 |
||
| 245 |
_aMarketing In Library & Information Services/ _cManisha Sutar Nawathe |
||
| 260 |
_aJaipur _bVital Publications _c2013 |
||
| 270 |
_aD-19, Inderpuri, Lalkothi, Jaipur _bJaipur _e302015 |
||
| 300 |
_a198p _c23(hb) |
||
| 760 | _b1 | ||
| 942 |
_2ddc _cEN _h025.527 _mMAN |
||
| 999 |
_c211259 _d211259 |
||